[Event "Faxe Eftermiddag-B"]
[Site "Faxe"]
[Date "2015.09.16"]
[Round "1"]
[White "Refsgaard, Kaj"]
[Black "Alic, Ohran"]
[Result "0-1"]
[WhiteElo "1561"]
[BlackElo "1571"]
[PlyCount "68"]
[EventDate "2015.09.16"]
[EventType "tourn"]
[EventRounds "5"]
[EventCountry "DEN"]
[SourceTitle "EXT 2023"]
[Source "ChessBase"]
[SourceDate "2022.10.05"]
[SourceVersion "1"]
[SourceVersionDate "2022.10.05"]
[SourceQuality "1"]

1. d4 d5 2. Nf3 Nf6 3. Bg5 Ne4 4. Bf4 e6 5. e3 Bd6 6. Bg3 c5 7. c3 c4 8. Nbd2 Nxd2 9. Qxd2 Nc6 10. Be2 Bxg3 11. hxg3 b5 12. Qc2 h6 13. Nh4 Qf6 14. Nf3 Bd7 15. 0-0-0 a5 16. e4 b4 17. exd5 exd5 18. Rde1 0-0 19. Qd2 bxc3 20. Qxc3 Nb4 21. Qa3 Qf5 22. Bd1 Nd3+ 23. Kd2 Nxe1 24. Rxe1 Rfe8 25. Bc2 Qf6 26. Rxe8+ Bxe8 27. Qe3 Qe6 28. Qf4 g5 29. Qc7 a4 30. a3 Rc8 31. Qa7 Qd7 32. Qa6 Qc6 33. Qa7 c3+ 34. Kd3 Qg6+ 0-1

[Event "Faxe Eftermiddag-B"]
[Site "Faxe"]
[Date "2014.10.22"]
[Round "5"]
[White "Alic, Ohran"]
[Black "Hansen, Borge"]
[Result "1-0"]
[WhiteElo "1577"]
[BlackElo "1560"]
[PlyCount "102"]
[EventDate "2014.09.17"]
[EventType "tourn"]
[EventRounds "5"]
[EventCountry "DEN"]
[SourceTitle "EXT 2023"]
[Source "ChessBase"]
[SourceDate "2022.10.05"]
[SourceVersion "1"]
[SourceVersionDate "2022.10.05"]
[SourceQuality "1"]

1. e4 e6 2. Nf3 d5 3. exd5 Qxd5 4. Nc3 Qd8 5. d4 Nf6 6. Bc4 Be7 7. 0-0 0-0 8. Bf4 c6 9. Re1 Nbd7 10. Ne5 Nb6 11. Bb3 Nbd5 12. Nxd5 exd5 13. c3 Bf5 14. Bc2 Bxc2 15. Qxc2 Ne4 16. f3 Nd6 17. Re2 f6 18. Ng4 Qd7 19. Rae1 Rae8 20. Re6 Nc8 21. Qe2 Kf7 22. Qd3 Kg8 23. Qf5 Bd6 24. Nxf6+ gxf6 25. Qg4+ Kh8 26. Rxe8 Qxg4 27. fxg4 Kg7 28. Bxd6 Nxd6 29. R8e7+ Rf7 30. R1e6 Nc4 31. Rxf7+ Kxf7 32. Re2 Nd6 33. Kf2 Ne4+ 34. Rxe4 dxe4 35. Ke3 Ke6 36. Kxe4 b6 37. c4 a6 38. a4 a5 39. b3 Ke7 40. Kf5 Kf7 41. h4 Ke7 42. h5 Kf7 43. g5 fxg5 44. Kxg5 Kg7 45. Kf5 Kf7 46. g4 Kg7 47. g5 Kf7 48. g6+ hxg6+ 49. hxg6+ Kg7 50. Kg5 Kg8 51. Kf6 Kf8 1-0

[Event "Faxe Eftermiddag-B"]
[Site "Faxe"]
[Date "2014.09.24"]
[Round "2"]
[White "Nielsen, Flemming"]
[Black "Alic, Ohran"]
[Result "1-0"]
[WhiteElo "1454"]
[BlackElo "1577"]
[PlyCount "79"]
[EventDate "2014.09.17"]
[EventType "tourn"]
[EventRounds "5"]
[EventCountry "DEN"]
[SourceTitle "EXT 2023"]
[Source "ChessBase"]
[SourceDate "2022.10.05"]
[SourceVersion "1"]
[SourceVersionDate "2022.10.05"]
[SourceQuality "1"]

1. e4 e6 2. d4 d5 3. Nd2 dxe4 4. Nxe4 Nf6 5. Bd3 Nc6 6. c3 e5 7. Nf3 exd4 8. cxd4 Bb4+ 9. Bd2 Qe7 10. 0-0 Bxd2 11. Nexd2 0-0 12. Re1 Be6 13. Bc4 Qd6 14. Bxe6 fxe6 15. Nc4 Qd5 16. Ne3 Qh5 17. Qb3 Nd5 18. g4 Qf7 19. Nxd5 exd5 20. Re3 Na5 21. Qc2 Nc4 22. Ng5 Qg6 23. Qxg6 hxg6 24. Re2 Rf4 25. h3 Rxd4 26. Rae1 Nd6 27. Re7 Ne4 28. Ne6 Rd3 29. Rxg7+ Kh8 30. Rxc7 Rxh3 31. Nf4 Rh6 32. Nxd5 Nxf2 33. Kxf2 Rh2+ 34. Kg3 Rh7 35. Ree7 Rxe7 36. Rxe7 Rd8 37. Nf6 Rd3+ 38. Kh4 g5+ 39. Kxg5 Rh3 40. Kg6 1-0